[Event "2nd International Chess Festiv"]
[Site "Paracin"]
[Date "2009.08.19"]
[Round "1.1"]
[White "Simantsev, Mikhail"]
[Black "Cvetanovic, Uros"]
[Result "1/2-1/2"]
[WhiteElo "2527"]
[BlackElo "2164"]
[PlyCount "124"]
[EventDate "2009.08.19"]

1. d4 Nf6 2. c4 e6 3. Nc3 Bb4 4. f3 O-O 5. e4 d6 6. Nge2 e5 7. d5 Ne8 8. a3
Bxc3+ 9. Nxc3 f5 10. exf5 Bxf5 11. Be3 Nd7 12. h4 h6 13. Be2 Bh7 14. g4 Qe7 15.
Kf2 Qf7 16. Kg2 Nef6 17. h5 Nb6 18. Qb3 Kh8 19. Raf1 Qd7 20. Rh4 Rae8 21. a4
Qe7 22. g5 Nfd7 23. Rg4 Bf5 24. Rg3 a5 25. Ne4 Bxe4 26. fxe4 Rxf1 27. Bxf1 hxg5
28. Bxg5 Qf7 29. Rf3 Qg8 30. Qe3 Qh7 31. Be2 Nc5 32. Rf5 Kg8 33. Qf3 Nbd7 34.
Qg4 Rf8 35. Bf3 Rxf5 36. exf5 Kf7 37. Bd8 Na6 38. Qg5 Kg8 39. Qg6 Qxg6+ 40.
fxg6 Kf8 41. Bg4 Ndc5 42. h6 gxh6 43. Bf6 c6 44. Bh5 Nd7 45. g7+ Kg8 46. Be7
Kxg7 47. dxc6 bxc6 48. Be8 Ndb8 49. Bxd6 Kf6 50. c5 Ke6 51. Bh5 Kd5 52. Be2 Kd4
53. Kf2 e4 54. Bf4 Kxc5 55. Bxh6 Kb4 56. Bd2+ Kxa4 57. b3+ Kxb3 58. Bxa5 c5 59.
Ke3 Nb4 60. Kxe4 N8c6 61. Bb6 c4 62. Bxc4+ Kxc4 1/2-1/2

[Event "2nd International Chess Festiv"]
[Site "Paracin"]
[Date "2009.08.19"]
[Round "1.3"]
[White "Stanojoski, Zvonko"]
[Black "Djuretanovic, Ivan"]
[Result "1-0"]
[WhiteElo "2483"]
[BlackElo "2150"]
[PlyCount "119"]
[EventDate "2009.08.19"]

1. e4 e5 2. Nf3 Nc6 3. Bc4 Nf6 4. d3 Be7 5. O-O O-O 6. c3 d5 7. exd5 Nxd5 8.
Re1 Bg4 9. h3 Bh5 10. g4 Bg6 11. Nxe5 Nxe5 12. Rxe5 c6 13. Bxd5 cxd5 14. Qf3 d4
15. Rd5 Qb6 16. c4 Rad8 17. Rb5 Qe6 18. Bd2 b6 19. Na3 Bxa3 20. bxa3 Rfe8 21.
Re1 Qc8 22. Rd1 Qa6 23. Rb3 Qc8 24. Re1 Rxe1+ 25. Bxe1 h6 26. Bd2 Qe6 27. a4 f5
28. g5 hxg5 29. Bxg5 Qe1+ 30. Kg2 Rd6 31. c5 bxc5 32. Rb8+ Be8 33. Qxf5 Re6 34.
Bd2 Qe2 35. Bf4 Rf6 36. Qe4 Qxe4+ 37. dxe4 Kf7 38. Be5 Rg6+ 39. Kf3 Bxa4 40.
Rb7+ Kg8 41. Ke2 a6 42. Rc7 Bb5+ 43. Kf3 Rc6 44. Rxg7+ Kf8 45. Rc7 Rxc7 46.
Bxc7 c4 47. Be5 d3 48. Bc3 Kf7 49. h4 Kg6 50. Kg3 Bc6 51. f3 Kh5 52. Be1 Kg6
53. Kf4 Kf6 54. h5 Kf7 55. Bc3 Ba4 56. Kg5 Bd1 57. f4 Bf3 58. e5 Be4 59. f5 Ke7
60. e6 1-0

[Event "2nd International Chess Festiv"]
[Site "Paracin"]
[Date "2009.08.19"]
[Round "1.4"]
[White "Rajcevic, Stevan"]
[Black "Abramovic, Bosko"]
[Result "0-1"]
[WhiteElo "2146"]
[BlackElo "2465"]
[PlyCount "142"]
[EventDate "2009.08.19"]

1. d4 d5 2. Nf3 Nf6 3. c4 e6 4. Nc3 Be7 5. Bg5 h6 6. Bxf6 Bxf6 7. e3 O-O 8. Be2
c6 9. O-O Nd7 10. Rc1 dxc4 11. Bxc4 e5 12. Ne4 exd4 13. Nxf6+ Nxf6 14. Qxd4 Bg4
15. Rfd1 Qxd4 16. Rxd4 Bxf3 17. gxf3 Rfd8 18. Rcd1 Rxd4 19. Rxd4 Kf8 20. a4 Ke7
21. Kf1 Rc8 22. Ke2 Rc7 23. f4 a5 24. h3 Nd7 25. Re4+ Kf8 26. b3 Nc5 27. Rd4
Ke7 28. Rd2 Rc8 29. Rc2 b6 30. f3 Rd8 31. h4 Rd6 32. f5 g6 33. fxg6 Rxg6 34.
Kf2 f5 35. Rd2 Rd6 36. Ke2 Rxd2+ 37. Kxd2 Kd6 38. Kc3 Ke5 39. Bd3 f4 40. e4 Ne6
41. Bf1 Nf8 42. Bh3 Ng6 43. h5 Ne7 44. Bd7 Kd6 45. Be8 Ng8 46. Kd4 c5+ 47. Kc4
Nf6 48. Bg6 Nd7 49. Kb5 Kc7 50. Kc4 Ne5+ 51. Kd5 Nxf3 52. e5 Kd7 53. Bf5+ Ke7
54. Ke4 Nd4 55. Kxf4 Nxb3 56. Ke4 Nd4 57. Bg4 b5 58. axb5 a4 59. Kd3 a3 60. Kc3
Nxb5+ 61. Kb3 Nd4+ 62. Kxa3 Nc6 63. e6 Nd4 64. Ka4 Kd6 65. Ka5 Nxe6 66. Bxe6
Kxe6 67. Kb5 Kd5 68. Ka4 Kd4 69. Kb3 Kd3 70. Kb2 c4 71. Kc1 Kc3 0-1

[Event "2nd International Chess Festiv"]
[Site "Paracin"]
[Date "2009.08.19"]
[Round "1.5"]
[White "Janev, Evgeni"]
[Black "Grkovic, Milan"]
[Result "1-0"]
[WhiteElo "2461"]
[BlackElo "2137"]
[PlyCount "49"]
[EventDate "2009.08.19"]

1. e4 g6 2. d4 c5 3. d5 d6 4. c4 Nf6 5. Bd3 Bg7 6. Ne2 O-O 7. O-O e6 8. Nbc3
exd5 9. cxd5 a6 10. a4 b6 11. Bg5 h6 12. Bd2 Ng4 13. Bc2 Qh4 14. h3 Be5 15. f4
Bd4+ 16. Nxd4 cxd4 17. Be1 Qf6 18. e5 Qg7 19. hxg4 dxc3 20. Bxc3 dxe5 21. fxe5
Nd7 22. e6 Ne5 23. exf7+ Rxf7 24. Rxf7 Kxf7 25. Qe1 1-0

[Event "2nd International Chess Festiv"]
[Site "Paracin"]
[Date "2009.08.19"]
[Round "1.6"]
[White "Nesic, Nebojsa"]
[Black "Martinovic, Slobodan"]
[Result "0-1"]
[WhiteElo "2127"]
[BlackElo "2452"]
[PlyCount "72"]
[EventDate "2009.08.19"]

1. d4 Nf6 2. c4 g6 3. Nc3 Bg7 4. e4 d6 5. Nf3 O-O 6. Be2 Bg4 7. Be3 Nfd7 8. Ng1
Bxe2 9. Ngxe2 c5 10. d5 Na6 11. Qd2 Ne5 12. b3 Nc7 13. Rd1 b5 14. cxb5 Rb8 15.
O-O Re8 16. f4 Ng4 17. e5 Nxb5 18. Nxb5 Rxb5 19. Nc3 Rb4 20. h3 Nxe3 21. Qxe3
a5 22. Ne4 Rf8 23. Kh1 a4 24. f5 Bxe5 25. fxg6 hxg6 26. Nxc5 Qb6 27. Rde1 Bd4
28. Qxe7 Qxc5 29. Re6 Bg7 30. Rxd6 Rf4 31. Re1 axb3 32. axb3 Rf6 33. Rd7 Qxe7
34. Rexe7 Rb8 35. d6 Bf8 36. h4 Kg7 0-1

[Event "2nd International Chess Festiv"]
[Site "Paracin"]
[Date "2009.08.19"]
[Round "1.7"]
[White "Tosic, Miroslav"]
[Black "Radosavljevic, Nebojsa"]
[Result "1-0"]
[WhiteElo "2438"]
[BlackElo "2124"]
[PlyCount "61"]
[EventDate "2009.08.19"]

1. d4 Nf6 2. c4 c5 3. d5 b5 4. Nd2 d6 5. e4 bxc4 6. Bxc4 g6 7. Ne2 Bg7 8. Nc3
O-O 9. O-O Nbd7 10. h3 Ne8 11. a4 Nc7 12. Re1 Rb8 13. Nb5 a6 14. Nc3 Rb4 15.
Qc2 e6 16. b3 exd5 17. exd5 Ne5 18. Ba3 Bf5 19. Nce4 Rb6 20. Rad1 a5 21. f4 Nd7
22. g4 Bxe4 23. Nxe4 Qh4 24. Qg2 Nf6 25. Ng5 Nfe8 26. Nf3 Qd8 27. Qd2 Qa8 28.
Re7 Bf6 29. Re2 Bg7 30. Kg2 Nf6 31. Re7 1-0

[Event "2nd International Chess Festiv"]
[Site "Paracin"]
[Date "2009.08.19"]
[Round "1.9"]
[White "Pancevski, Filip"]
[Black "Bulatovic, Nikola"]
[Result "1-0"]
[WhiteElo "2422"]
[BlackElo "2111"]
[PlyCount "143"]
[EventDate "2009.08.19"]

1. e4 c5 2. Nf3 a6 3. d3 e6 4. g3 Nc6 5. Bg2 Be7 6. O-O d6 7. Re1 Nf6 8. c3 e5
9. a4 O-O 10. Nbd2 Re8 11. Nc4 Bf8 12. a5 Be6 13. Nfd2 Rb8 14. Qa4 d5 15. exd5
Bxd5 16. Bf1 Qc7 17. Ne4 Be7 18. Nb6 Be6 19. Be3 Nd7 20. Bg2 Nxb6 21. axb6 Qxb6
22. b4 Qd8 23. Bxc5 Bxc5 24. Nxc5 Bd5 25. Be4 Bxe4 26. dxe4 Qc7 27. Red1 Red8
28. Rd5 Ne7 29. Rd7 Rxd7 30. Qxd7 Qxd7 31. Nxd7 Rc8 32. Rd1 f6 33. Rd3 Kf7 34.
Kf1 Rc7 35. Ke2 Nc8 36. f3 Ke7 37. Nc5 Nb6 38. f4 Nd7 39. Nb3 b6 40. Kd2 Rc6
41. Rd5 b5 42. Na5 Rd6 43. c4 Rxd5+ 44. cxd5 Kd6 45. f5 Kc7 46. Kd3 Nb6 47. g4
h6 48. Nb3 Na4 49. Na5 Nb6 50. Nc6 Nc4 51. h4 Nb2+ 52. Kd2 Nc4+ 53. Ke2 Nd6 54.
Kf3 Nc4 55. Kf2 Nd6 56. Ke3 Nc4+ 57. Kd3 Nb2+ 58. Ke2 Nc4 59. Ne7 Kd6 60. Ng6
a5 61. bxa5 Nxa5 62. Nf8 Nb3 63. Ne6 Nd4+ 64. Kd3 Nf3 65. Nxg7 Nxh4 66. Nh5 Ke7
67. Kc3 Ng2 68. Kb4 Ne3 69. Kxb5 Nxg4 70. Kc6 Kd8 71. d6 Nf2 72. Ng7 1-0

[Event "2nd International Chess Festiv"]
[Site "Paracin"]
[Date "2009.08.19"]
[Round "1.10"]
[White "Vebel, Goran"]
[Black "Maksimovic, Branimir"]
[Result "0-1"]
[WhiteElo "2081"]
[BlackElo "2421"]
[PlyCount "76"]
[EventDate "2009.08.19"]

1. d4 e6 2. c4 Nf6 3. Nc3 Bb4 4. a3 Bxc3+ 5. bxc3 b6 6. f3 Ba6 7. e4 Nc6 8. Bd3
Na5 9. Bg5 Bxc4 10. f4 h6 11. Bh4 Bxd3 12. Qxd3 d5 13. e5 g5 14. fxg5 Ne4 15.
Ne2 hxg5 16. Bg3 Qd7 17. O-O Nc4 18. a4 a5 19. Be1 O-O-O 20. Ng3 Nxg3 21. Bxg3
Rdg8 22. Ra2 Kb7 23. Rf6 Ka7 24. Rf1 Rg7 25. Rf6 Qe8 26. h3 Qg8 27. Re2 Qh7 28.
Qd1 Qh5 29. Qd3 c6 30. Rf1 Rb8 31. Ra2 Rb7 32. Kh2 Ka6 33. Kg1 b5 34. Rb1 Qh7
35. Qd1 Rg8 36. axb5+ Rxb5 37. Rxb5 cxb5 38. Kh2 Rc8 0-1

[Event "2nd International Chess Festiv"]
[Site "Paracin"]
[Date "2009.08.19"]
[Round "1.11"]
[White "Solomunovic, Igor"]
[Black "Blazeka, Matej"]
[Result "1-0"]
[WhiteElo "2421"]
[BlackElo "2072"]
[PlyCount "61"]
[EventDate "2009.08.19"]

1. e4 e5 2. Nf3 Nc6 3. Bb5 a6 4. Ba4 Nf6 5. d3 d6 6. c3 b5 7. Bb3 Be7 8. O-O
O-O 9. Re1 Na5 10. Bc2 c5 11. Nbd2 Ne8 12. h3 Nc6 13. Nf1 g6 14. Ng3 Ng7 15. d4
cxd4 16. cxd4 Qc7 17. Bh6 Bb7 18. Rc1 Rac8 19. Bb3 Qb8 20. Qd2 Bd8 21. Red1 Ba5
22. Qg5 Bd8 23. Qg4 Ne7 24. dxe5 dxe5 25. Ng5 Nc6 26. Nxf7 Rxf7 27. Rd7 Ne7 28.
Qf3 Rxc1+ 29. Bxc1 Ngf5 30. Nxf5 gxf5 31. Qh5 1-0

[Event "2nd International Chess Festiv"]
[Site "Paracin"]
[Date "2009.08.19"]
[Round "1.13"]
[White "Nestorovic, Dejan"]
[Black "Mijovic, Cedomir"]
[Result "1-0"]
[WhiteElo "2405"]
[BlackElo "2048"]
[PlyCount "130"]
[EventDate "2009.08.19"]

1. d4 d5 2. c4 c6 3. Nf3 Nf6 4. e3 e6 5. Bd3 Nbd7 6. O-O Bd6 7. Nbd2 e5 8. cxd5
Nxd5 9. Nc4 Qe7 10. e4 Nb4 11. Be2 Bb8 12. a3 Na6 13. dxe5 Nxe5 14. Ncxe5 Bxe5
15. Bxa6 bxa6 16. Qc2 Bb7 17. Nxe5 Qxe5 18. Be3 O-O 19. f4 Qc7 20. Bc5 Rfe8 21.
Rae1 Bc8 22. Qc3 a5 23. f5 f6 24. Rf3 a4 25. Bd4 Qe7 26. e5 c5 27. Bxc5 Qc7 28.
Rfe3 Bxf5 29. exf6 Rxe3 30. Rxe3 gxf6 31. Re7 Qc6 32. Bd4 Qd6 33. Bxf6 Rc8 34.
Qg3+ Qxg3 35. hxg3 Rc6 36. Bc3 a6 37. g4 Bg6 38. Kf2 Kf8 39. Ra7 Ke8 40. Ke3
Kd8 41. Kd4 Bc2 42. g5 Kc8 43. Kd5 Rb6 44. Be5 Rb5+ 45. Kd4 Kd8 46. Rxa6 Rxb2
47. Kc3 Ra2 48. Bd6 Kd7 49. g3 Ke6 50. Bf4+ Kf5 51. Ra7 Kg4 52. Bc1 Kxg3 53.
Bb2 Bf5 54. Rxa4 Kf3 55. Ra6 Kg4 56. Kb3 Rxb2+ 57. Kxb2 Kxg5 58. Kc3 h5 59. Kd2
h4 60. Ke3 h3 61. Kf3 h2 62. Kg2 Kf4 63. a4 Ke4 64. Kxh2 Kd4 65. Rb6 Kc5 1-0

[Event "2nd International Chess Festiv"]
[Site "Paracin"]
[Date "2009.08.19"]
[Round "1.14"]
[White "Nestorovic, Irena"]
[Black "Lapcevic, Milos"]
[Result "1-0"]
[WhiteElo "2038"]
[BlackElo "2390"]
[PlyCount "85"]
[EventDate "2009.08.19"]

1. d4 Nf6 2. c4 e6 3. Nc3 Bb4 4. Qc2 c5 5. e3 O-O 6. Bd3 d5 7. Nf3 cxd4 8. exd4
dxc4 9. Bxc4 Nc6 10. Be3 b6 11. O-O Bb7 12. Rad1 Ne7 13. Ne5 Rc8 14. Qe2 Nf5
15. Nb5 Nxe3 16. fxe3 Ra8 17. a3 Be7 18. Bd3 a6 19. Nc3 b5 20. Rf4 h6 21. Bb1
Nd5 22. Nxd5 Bxd5 23. e4 Bb7 24. Qf2 Qe8 25. Rg4 h5 26. Rg3 Bh4 27. Rxg7+ Kxg7
28. Qxh4 f6 29. Nd3 Kh6 30. Nc5 Ra7 31. Rf1 Bc8 32. Rxf6+ Kh7 33. e5+ Kg8 34.
Bg6 Qd8 35. Bxh5 Rg7 36. Bf3 Rh7 37. Rg6+ Kh8 38. Qe4 Bd7 39. Nxe6 Bxe6 40.
Rxe6 Qg5 41. Rc6 Rh4 42. Qd3 Rhf4 43. Rf6 1-0

[Event "2nd International Chess Festiv"]
[Site "Paracin"]
[Date "2009.08.19"]
[Round "1.15"]
[White "Radlovacki, Jovan"]
[Black "Trpkovic, Miroljub"]
[Result "1-0"]
[WhiteElo "2380"]
[BlackElo "2029"]
[PlyCount "77"]
[EventDate "2009.08.19"]

1. e4 c5 2. Nf3 Nc6 3. d3 d6 4. g3 e5 5. Bg2 Be7 6. c3 Bg4 7. Nbd2 Qd7 8. h3
Bh5 9. g4 Bg6 10. Nc4 f6 11. Ne3 Bf8 12. a3 Nge7 13. b4 Bf7 14. O-O g5 15. d4
Ng6 16. Nd5 Bxd5 17. exd5 Nd8 18. bxc5 dxc5 19. dxe5 fxe5 20. Nxg5 Bg7 21. Ne4
Rc8 22. Be3 b6 23. a4 O-O 24. a5 Nf4 25. axb6 axb6 26. c4 Qe7 27. Rb1 Qh4 28.
Kh2 Rc7 29. Rxb6 Rcf7 30. f3 Nb7 31. Bxf4 exf4 32. Qb1 Nd8 33. Rb8 Ra7 34. Qb6
Ra2 35. Qxc5 h5 36. g5 Re8 37. Qc7 Kh7 38. Qd7 Rxe4 39. Qxd8 1-0

[Event "2nd International Chess Festiv"]
[Site "Paracin"]
[Date "2009.08.19"]
[Round "1.16"]
[White "Mladenovic, Stefan"]
[Black "Kojovic, Dragan"]
[Result "1/2-1/2"]
[WhiteElo "1978"]
[BlackElo "2373"]
[Annotator ",compaq"]
[PlyCount "177"]
[EventDate "2009.08.19"]

1. e4 c5 2. Nf3 Nc6 3. d4 cxd4 4. Nxd4 Qc7 5. Nc3 e6 6. a3 a6 7. Be3 Nf6 8. Be2
b5 9. f3 b4 10. Nb1 Nxd4 11. Bxd4 Bd6 12. g3 Bb7 13. Nd2 e5 14. Bf2 bxa3 15.
bxa3 Bc5 16. Bxc5 Qxc5 17. Nb3 Qb6 18. c4 d6 19. Rc1 Rc8 20. Qd3 O-O 21. Kd2
Bc6 22. Qe3 Qc7 23. Rhd1 Ba4 24. Ke1 Rb8 25. Rd3 Nd7 26. Bd1 Bxb3 27. Rxb3 Rxb3
28. Qxb3 Nc5 29. Qc3 Qb6 30. Bc2 Ne6 31. Kf1 g6 32. Rb1 Qc5 33. Qb4 Qe3 34. Bd1
Nd4 35. Qb6 Qd2 36. Qb2 Qd3+ 37. Kf2 Rc8 38. Rc1 Kg7 39. Qc3 Qxc3 40. Rxc3 f5
41. Ke3 Kf6 42. f4 Rc5 43. h3 $11 Ne6 44. Bc2 Ra5 45. Bd1 h6 46. Rd3 Ke7 47. a4
Rc5 48. exf5 gxf5 49. fxe5 dxe5 50. Be2 Nd4 51. Rc3 a5 52. Bd1 Kd6 53. g4 f4+
54. Ke4 Ke6 55. h4 Kf6 56. Rc1 Ne6 57. Be2 Rc7 58. Rb1 Rd7 59. Rd1 Nc5+ 60. Kf3
Rb7 61. Rd6+ Kg7 62. Rd5 Rb3+ 63. Kg2 Rg3+ 64. Kf1 Nxa4 65. Rxa5 Nc3 66. Rxe5
f3 67. Bd3 $11 Nd1 68. Bc2 Nb2 69. g5 Nxc4 70. gxh6+ Kxh6 71. Re6+ Kg7 72. h5
Rh3 73. h6+ Kf7 74. Rc6 Nd2+ 75. Ke1 Rh2 76. Bd3 f2+ 77. Kd1 Nb3 78. Bc4+ Ke7
79. Re6+ Kd7 80. Rf6 Nc5 81. Rf7+ Kd6 82. h7 Ne4 83. Bf1 Ke5 84. Bd3 Nc3+ 85.
Kc1 Rh1+ 86. Kc2 Nd1 87. Rf8 Ne3+ 88. Kc3 Rxh7 89. Bxh7 1/2-1/2

[Event "2nd International Chess Festiv"]
[Site "Paracin"]
[Date "2009.08.19"]
[Round "1.17"]
[White "Mrkonjic, Nenad"]
[Black "Bulatovic, Ilija"]
[Result "1-0"]
[WhiteElo "2370"]
[BlackElo "1975"]
[PlyCount "91"]
[EventDate "2009.08.19"]

1. d4 Nf6 2. Nf3 c5 3. e3 d5 4. c4 e6 5. Nc3 Nc6 6. Be2 Be7 7. O-O O-O 8. b3 b6
9. cxd5 Nxd5 10. Nxd5 Qxd5 11. Ba3 cxd4 12. Bxe7 Nxe7 13. Nxd4 e5 14. Nf3 e4
15. Qxd5 Nxd5 16. Nd4 Bb7 17. Bc4 Nb4 18. Rfd1 Rfd8 19. Nf5 Nd3 20. Bxd3 Rxd3
21. Rxd3 exd3 22. Rd1 Kf8 23. f3 Ba6 24. Kf2 Rc8 25. Nd4 g6 26. Ke1 Ke7 27. Kd2
Kd6 28. a3 h5 29. Rc1 Rxc1 30. Kxc1 Kd5 31. Kd2 Kc5 32. Kc3 Kd6 33. b4 Bc4 34.
g3 b5 35. e4 a6 36. Nb3 Ke5 37. Nc5 Kd6 38. Nxd3 Be6 39. Kd4 Bh3 40. e5+ Kc6
41. Nc5 Kb6 42. e6 fxe6 43. Ke5 a5 44. Nxe6 axb4 45. axb4 Kc6 46. Nf4 1-0

[Event "2nd International Chess Festiv"]
[Site "Paracin"]
[Date "2009.08.19"]
[Round "1.18"]
[White "Helin, Mikael"]
[Black "Ristic, Nebojsa B"]
[Result "0-1"]
[WhiteElo "1973"]
[BlackElo "2364"]
[PlyCount "70"]
[EventDate "2009.08.19"]

1. e4 e6 2. Nf3 d5 3. e5 c5 4. b4 b6 5. c3 Qd7 6. a3 Ba6 7. g3 Bxf1 8. Kxf1 Ne7
9. d4 h5 10. Nh4 Na6 11. Kg2 Nc7 12. Bg5 Nc6 13. f4 Be7 14. Bxe7 Nxe7 15. Rf1
g6 16. Nd2 Nb5 17. Nb1 cxd4 18. cxd4 Rc8 19. Qd3 Rc4 20. Qe3 Nxd4 21. Qd3 Nef5
22. Nd2 Rc7 23. Kh1 Nxh4 24. gxh4 Nf5 25. Rad1 Ke7 26. b5 Rhc8 27. Ne4 dxe4 28.
Qb3 Qe8 29. Rd6 Nxd6 30. exd6+ Kxd6 31. Rd1+ Ke7 32. Qb2 Rc5 33. a4 Rd8 34. Rg1
Qd7 35. Qg7 e3 0-1

[Event "2nd International Chess Festiv"]
[Site "Paracin"]
[Date "2009.08.19"]
[Round "1.19"]
[White "Brankovic, Dejan"]
[Black "Petrovski, Igor"]
[Result "1-0"]
[WhiteElo "2358"]
[BlackElo "1972"]
[PlyCount "74"]
[EventDate "2009.08.19"]

1. e4 c5 2. Nf3 e6 3. Nc3 Nc6 4. Bb5 Qc7 5. Bxc6 Qxc6 6. d4 cxd4 7. Nxd4 Qc7 8.
O-O a6 9. Re1 d6 10. Bg5 Be7 11. Bxe7 Nxe7 12. Qd3 O-O 13. Qg3 b5 14. a3 Bb7
15. Rad1 Ng6 16. f4 e5 17. fxe5 dxe5 18. Nf5 Rfd8 19. h4 f6 20. Qg4 Qc5+ 21.
Kh1 Qf8 22. Rf1 Ne7 23. Nd6 Bc8 24. Nxc8 Rdxc8 25. Rd7 Re8 26. h5 Kh8 27. Rfd1
Nc6 28. R1d6 Nd4 29. Nd5 Red8 30. c3 Rxd7 31. Rxd7 Nc6 32. Qf5 Ra7 33. Rxa7
Nxa7 34. h6 Nc8 35. hxg7+ Kxg7 36. Qd7+ Kg6 37. Qxc8 f5 1-0

[Event "2nd International Chess Festiv"]
[Site "Paracin"]
[Date "2009.08.19"]
[Round "1.20"]
[White "Blazeka, Damjan"]
[Black "Zivkovic, Ivan B"]
[Result "0-1"]
[WhiteElo "1969"]
[BlackElo "2341"]
[PlyCount "72"]
[EventDate "2009.08.19"]

1. e4 c5 2. Nf3 d6 3. d4 cxd4 4. Nxd4 Nf6 5. Nc3 g6 6. Be3 Bg7 7. f3 Nc6 8. Qd2
O-O 9. Bc4 Bd7 10. O-O-O Rc8 11. Bb3 Ne5 12. h4 h5 13. Bg5 Rc5 14. Kb1 b5 15.
g4 hxg4 16. h5 Nxh5 17. Nd5 Re8 18. Nf5 Bxf5 19. exf5 Nxf3 20. Qe3 Nxg5 21.
Qxg5 e6 22. Qxg4 Nf6 23. Nxf6+ Qxf6 24. c3 Rxf5 25. Rxd6 Rf4 26. Qe2 b4 27. Qb5
Rf8 28. Rc1 bxc3 29. bxc3 Rf3 30. Rd3 Rxd3 31. Qxd3 Rc8 32. Bc4 Qf4 33. Bb3
Qxc1+ 34. Kxc1 Rxc3+ 35. Kd2 Rxd3+ 36. Kxd3 Kf8 0-1

[Event "2nd International Chess Festiv"]
[Site "Paracin"]
[Date "2009.08.19"]
[Round "1.21"]
[White "Milenkovic, Mladen"]
[Black "Vucinic, Gojko"]
[Result "1-0"]
[WhiteElo "2336"]
[BlackElo "1937"]
[PlyCount "59"]
[EventDate "2009.08.19"]

1. e4 c5 2. Nf3 d6 3. d4 cxd4 4. Nxd4 Nf6 5. Nc3 g6 6. Be3 Bg7 7. f3 Nc6 8. Qd2
O-O 9. g4 Qa5 10. Nb3 Qd8 11. g5 Nd7 12. O-O-O Nb6 13. h4 Ne5 14. Qf2 Be6 15.
Bd4 Qc7 16. f4 Nec4 17. Bxg7 Kxg7 18. f5 Bd7 19. h5 Rfc8 20. hxg6 fxg6 21. Qh4
Rh8 22. Qh6+ Kf7 23. Bxc4+ Qxc4 24. Rdf1 gxf5 25. exf5 Ke8 26. f6 Be6 27. Qg7
Kd7 28. Qxe7+ Kc8 29. Na5 Qxf1+ 30. Rxf1 1-0

[Event "2nd International Chess Festiv"]
[Site "Paracin"]
[Date "2009.08.19"]
[Round "1.22"]
[White "Zajic, Milan"]
[Black "Lazic, Dragoljub"]
[Result "1/2-1/2"]
[WhiteElo "1933"]
[BlackElo "2317"]
[PlyCount "59"]
[EventDate "2009.08.19"]

1. e4 c5 2. Nf3 d6 3. d4 cxd4 4. Nxd4 Nf6 5. Nc3 a6 6. Be2 e5 7. Nb3 Be7 8. O-O
O-O 9. Kh1 Nbd7 10. a4 b6 11. Be3 Bb7 12. f3 Qc7 13. Qd2 Rac8 14. Rfd1 Rfd8 15.
Qe1 Nc5 16. Nxc5 dxc5 17. Bc4 Rxd1 18. Rxd1 Rd8 19. Rxd8+ Qxd8 20. Qe2 Qc8 21.
Qd3 Ne8 22. Nd5 Bd8 23. Kg1 Kf8 24. Kf1 a5 25. Bb5 Bc6 26. Bxc6 Qxc6 27. b3 Nd6
28. c4 h6 29. Nc3 Ke8 30. Ke2 1/2-1/2

[Event "2nd International Chess Festiv"]
[Site "Paracin"]
[Date "2009.08.19"]
[Round "1.23"]
[White "Markovic, Marko"]
[Black "Blazeka, Djuro"]
[Result "1-0"]
[WhiteElo "2312"]
[BlackElo "1928"]
[PlyCount "89"]
[EventDate "2009.08.19"]

1. e4 e5 2. d4 exd4 3. Qxd4 Nc6 4. Qe3 Bb4+ 5. c3 Ba5 6. Qg3 Qe7 7. Qxg7 Qxe4+
8. Be2 Qe5 9. Qg3 Qxg3 10. hxg3 d6 11. Bd3 f5 12. Bg5 Nge7 13. Nf3 Bd7 14. Bh6
O-O-O 15. Nbd2 Ng6 16. Kf1 Nce5 17. Be2 Nxf3 18. Nxf3 Bc6 19. Nd4 Rde8 20. Nxc6
bxc6 21. Rh5 Re6 22. Bd3 Ne7 23. Re1 Rxe1+ 24. Kxe1 Re8 25. Kf1 Kb7 26. g4 Bb6
27. gxf5 Nd5 28. g3 Nf6 29. Rg5 d5 30. Bg7 Ne4 31. Bxe4 dxe4 32. f6 e3 33. fxe3
Rxe3 34. Rf5 Rxg3 35. f7 Bc5 36. f8=Q Bxf8 37. Bxf8 Rh3 38. Ke2 Rh1 39. Rf1
Rh2+ 40. Rf2 Rh1 41. Bc5 Ka6 42. Bd4 Ra1 43. a3 Rb1 44. Kd3 Rh1 45. Be5 1-0

[Event "2nd International Chess Festiv"]
[Site "Paracin"]
[Date "2009.08.19"]
[Round "1.24"]
[White "Tausanov, Mihail"]
[Black "Rossi, Aldo A"]
[Result "0-1"]
[WhiteElo "1914"]
[BlackElo "2311"]
[PlyCount "90"]
[EventDate "2009.08.19"]

1. Nf3 d6 2. g3 e5 3. d3 f5 4. e4 Nf6 5. Bg2 c6 6. O-O Be7 7. Nbd2 O-O 8. exf5
Bxf5 9. d4 e4 10. Nh4 Bg4 11. f3 exf3 12. Bxf3 Bh3 13. Ng2 Na6 14. Ne4 Nxe4 15.
Bxe4 Rxf1+ 16. Qxf1 d5 17. Bf5 Bxf5 18. Qxf5 Qf8 19. Qe6+ Qf7 20. Qxf7+ Kxf7
21. Bf4 Nb4 22. c3 Nd3 23. Bd2 Nxb2 24. Rf1+ Ke8 25. Ne3 Nc4 26. Nxc4 dxc4 27.
Rf5 b5 28. Bg5 a6 29. Re5 Ra7 30. Kf2 h6 31. Be3 Rd7 32. Bf4 g5 33. Bc1 Kf7 34.
Rf5+ Kg6 35. Re5 Kf7 36. Rf5+ Ke8 37. Re5 Rd5 38. Re2 Kd7 39. g4 c5 40. Be3
cxd4 41. Bxd4 Bc5 42. Bxc5 Rxc5 43. Rb2 Rd5 44. Ke2 Rd3 45. a4 Kc6 0-1

[Event "2nd International Chess Festiv"]
[Site "Paracin"]
[Date "2009.08.19"]
[Round "1.25"]
[White "Dinic, Dragan"]
[Black "Gagic, Miroljub"]
[Result "1-0"]
[WhiteElo "2310"]
[BlackElo "1895"]
[PlyCount "73"]
[EventDate "2009.08.19"]

1. e4 c5 2. Nf3 d6 3. c3 Nf6 4. Bd3 Bg4 5. h3 Bh5 6. Bc2 e6 7. d3 Be7 8. Nbd2
Nc6 9. Qe2 Qc7 10. Nf1 a6 11. Ng3 Bg6 12. O-O O-O 13. Nh4 b5 14. Nxg6 hxg6 15.
f4 d5 16. e5 Nd7 17. Qg4 d4 18. h4 Rad8 19. Bd2 dxc3 20. bxc3 b4 21. h5 g5 22.
d4 bxc3 23. Bxc3 cxd4 24. fxg5 d3 25. Bb3 Ncxe5 26. Bxe5 Qxe5 27. g6 f5 28.
Nxf5 Bc5+ 29. Kh1 Nf6 30. Qh3 Nd5 31. Rae1 Ne3 32. Bxe6+ Kh8 33. h6 Rxf5 34.
Bxf5 d2 35. hxg7+ Kxg7 36. Qh7+ Kf6 37. Bg4+ 1-0

[Event "2nd International Chess Festiv"]
[Site "Paracin"]
[Date "2009.08.19"]
[Round "1.26"]
[White "Stojkovska, Monika"]
[Black "Popovic, Djordje D"]
[Result "0-1"]
[WhiteElo "1889"]
[BlackElo "2308"]
[PlyCount "80"]
[EventDate "2009.08.19"]

1. e4 c5 2. Nf3 d6 3. Bb5+ Bd7 4. Bxd7+ Qxd7 5. O-O Nc6 6. c3 g6 7. d4 cxd4 8.
cxd4 Bg7 9. Nc3 e6 10. Re1 Nge7 11. Be3 d5 12. Qd2 O-O 13. Bh6 dxe4 14. Bxg7
Kxg7 15. Rxe4 Rfd8 16. Rd1 Rac8 17. Qe2 Nd5 18. Rc1 Qc7 19. Ne5 Nxc3 20. Rxc3
Rxd4 21. Rxd4 Nxd4 22. Qe3 Nc6 23. h3 Rd8 24. f4 Rd1+ 25. Kh2 Qd6 26. Nxc6 bxc6
27. Rc2 Qd5 28. Qe5+ Qxe5 29. fxe5 Rd5 30. Rxc6 Rxe5 31. Rc7 Ra5 32. a3 Rb5 33.
Rxa7 Rxb2 34. Kg3 g5 35. Kf3 h5 36. a4 Ra2 37. Kg3 Kg6 38. Ra6 Kf5 39. Kf3 Ra3+
40. Kf2 Kf4 0-1

[Event "2nd International Chess Festiv"]
[Site "Paracin"]
[Date "2009.08.19"]
[Round "1.27"]
[White "Popovic, Aleksandar M"]
[Black "Milosavljevic, Marija"]
[Result "1-0"]
[WhiteElo "2300"]
[BlackElo "1848"]
[PlyCount "31"]
[EventDate "2009.08.19"]

1. e4 c5 2. Nf3 d6 3. d4 cxd4 4. Nxd4 Nf6 5. Nc3 a6 6. h3 e6 7. g4 d5 8. exd5
Nxd5 9. Bg2 Nxc3 10. bxc3 e5 11. Qe2 Qc7 12. O-O Be7 13. Re1 O-O 14. Qxe5 Qxc3
15. Qxe7 Qxd4 16. Qxf8+ 1-0

[Event "2nd International Chess Festiv"]
[Site "Paracin"]
[Date "2009.08.19"]
[Round "1.28"]
[White "Bozilov, Dragan"]
[Black "Bojovic, Dusan"]
[Result "0-1"]
[WhiteElo "1830"]
[BlackElo "2286"]
[PlyCount "96"]
[EventDate "2009.08.19"]

1. e4 c5 2. c3 Nf6 3. e5 Nd5 4. g3 d6 5. exd6 e6 6. Ne2 Bxd6 7. Bg2 O-O 8. O-O
Nc6 9. d4 c4 10. Nd2 b5 11. a4 Qa5 12. Ne4 Be7 13. Nf4 b4 14. Nxd5 exd5 15. Nc5
Rd8 16. Qe1 Bxc5 17. Bxd5 Nxd4 18. Bxa8 Nc2 19. Qe2 Nxa1 20. Bg5 Be6 21. Bxd8
Qxd8 22. Bc6 Nb3 23. Rd1 Qb6 24. Bd5 bxc3 25. bxc3 Na5 26. Bxe6 fxe6 27. Rd7
Qb1+ 28. Kg2 Qf5 29. Rd8+ Kf7 30. Rc8 Qd5+ 31. Qf3+ Qxf3+ 32. Kxf3 Bb6 33. Ke2
Ke7 34. f4 Bd8 35. Rc5 Kd6 36. Rb5 Nc6 37. Rb7 Bf6 38. Kd2 e5 39. fxe5+ Bxe5
40. Rf7 Ne7 41. Rf5 Nd5 42. Rf3 Bxc3+ 43. Kc2 Bf6 44. g4 Kc5 45. h3 Kb4 46. a5
c3 47. Kd3 Kb3 48. Rf1 c2 0-1